[Event "Niederoesterreich Landesliga 0405"]
[Site "Austria"]
[Date "2005.03.06"]
[Round "9"]
[White "Walter, Martin"]
[Black "Strobl, Karl"]
[Result "1-0"]
[WhiteElo "1992"]
[BlackElo "1964"]
[PlyCount "39"]
[EventDate "2004.09.19"]
[EventType "team-tourn"]
[EventRounds "11"]
[EventCountry "AUT"]
[SourceTitle "EXT 2022"]
[Source "ChessBase"]
[SourceDate "2021.10.06"]
[SourceVersion "1"]
[SourceVersionDate "2021.10.06"]
[SourceQuality "1"]

1. e4 g6 2. d4 Bg7 3. Nc3 c6 4. Nf3 d5 5. h3 Nf6 6. e5 Ne4 7. Nxe4 dxe4 8. Ng5 c5 9. c3 cxd4 10. Qxd4 0-0 11. Qxd8 Rxd8 12. Bc4 e6 13. Nxe4 Bxe5 14. Bg5 Rf8 15. Rd1 Nc6 16. 0-0 f6 17. Bh6 Re8 18. f4 f5 19. fxe5 fxe4 20. Bb5 1-0

[Event "AUT-chT2O 0304"]
[Site "Austria"]
[Date "2003.11.23"]
[Round "4.6"]
[White "Hansen, Kay"]
[Black "Strobl, Karl"]
[Result "0-1"]
[WhiteElo "2242"]
[BlackElo "1943"]
[PlyCount "94"]
[EventDate "2003.10.25"]
[EventType "team-tourn"]
[EventRounds "11"]
[EventCountry "AUT"]
[SourceTitle "EXT 2005"]
[Source "ChessBase"]
[SourceDate "2004.11.15"]
[SourceVersion "1"]
[SourceVersionDate "2004.11.15"]
[SourceQuality "1"]
[WhiteTeam "Donaustadt"]
[BlackTeam "Mauerbach"]
[WhiteTeamCountry "AUT"]
[BlackTeamCountry "AUT"]

1. d4 d5 2. c4 c6 3. Nc3 Nf6 4. Nf3 e6 5. e3 Nbd7 6. a3 Bd6 7. Bd3 0-0 8. 0-0 dxc4 9. Bxc4 e5 10. e4 Qc7 11. Bg5 Nb6 12. Be2 Bg4 13. dxe5 Bxe5 14. h3 Bxf3 15. Bxf3 Rad8 16. Qc2 h6 17. Be3 Nc4 18. Bc1 Rfe8 19. Re1 Nd6 20. Re2 Re7 21. Bd2 Nc4 22. Be1 Red7 23. b3 Nd6 24. Rc1 Rc8 25. g3 Re7 26. Bg2 Bd4 27. Kh1 Rce8 28. f4 Bxc3 29. Bxc3 Nfxe4 30. Kh2 Nxc3 31. Rxe7 Qxe7 32. Qxc3 Nb5 33. Qd2 Qxa3 34. Qd7 Qe7 35. Qg4 Rd8 36. Rc2 Nd4 37. Rc3 Ne2 38. Rc4 Qe3 39. h4 Nd4 40. f5 Rd6 41. b4 b6 42. f6 g6 43. Qc8+ Kh7 44. Qf8 Rxf6 45. Qd8 Nf3+ 46. Kh3 Qe6+ 47. g4 Qe5 0-1

[Event "Vienna op-B 14th"]
[Site "Vienna"]
[Date "2003.08.22"]
[Round "7"]
[White "Strobl, Karl"]
[Black "Antic, Dragan"]
[Result "1-0"]
[WhiteElo "1912"]
[BlackElo "1970"]
[PlyCount "93"]
[EventDate "2003.08.16"]
[EventType "swiss"]
[EventRounds "9"]
[EventCountry "AUT"]
[SourceTitle "CBM 095 Extra"]
[Source "ChessBase"]
[SourceDate "2003.09.04"]
[SourceVersion "1"]
[SourceVersionDate "2003.09.04"]
[SourceQuality "1"]

1. e4 c5 2. c3 e6 3. d4 d5 4. e5 Nc6 5. Nf3 Qb6 6. Be2 Nge7 7. Na3 cxd4 8. cxd4 Nf5 9. Nc2 Bb4+ 10. Kf1 Be7 11. g4 Nh4 12. Nxh4 Bxh4 13. Kg2 f6 14. f4 0-0 15. Be3 Bd7 16. Rf1 Rac8 17. Bd3 Nb4 18. Nxb4 Qxb4 19. Qe2 g5 20. f5 fxe5 21. dxe5 d4 22. Bf2 Bc6+ 23. Kg1 Bxf2+ 24. Rxf2 Qa5 25. h4 Rc7 26. f6 Qd5 27. Rh2 Qf3 28. Qxf3 Bxf3 29. hxg5 Bxg4 30. Rf1 b5 31. Rf4 Rc1+ 32. Kf2 Bf5 33. Bxf5 exf5 34. Rxd4 Rc2+ 35. Kg3 Rxh2 36. Kxh2 Re8 37. Rd5 a6 38. Kg3 Kf7 39. Kf4 Kg6 40. Rd7 Rg8 41. e6 h6 42. Ke5 hxg5 43. e7 f4 44. Rd8 Re8 45. Rxe8 f3 46. Rg8+ Kh6 47. e8Q 1-0